Lahate kiryah. (Record no. 32217)
[ view plain ]
| 000 -LEADER | |
|---|---|
| fixed length control field | 00479cam a22002051 4500 |
| 001 - CONTROL NUMBER | |
| control field | he 67000486 |
| 003 - CONTROL NUMBER IDENTIFIER | |
| control field | DLC |
| 005 - DATE AND TIME OF LATEST TRANSACTION | |
| control field | 20260227111444.0 |
| 008 - FIXED-LENGTH DATA ELEMENTS--GENERAL INFORMATION | |
| fixed length control field | 831026s1940 xx 000 0 heb |
| 010 ## - LIBRARY OF CONGRESS CONTROL NUMBER | |
| LC control number | he 67000486 |
| 035 ## - SYSTEM CONTROL NUMBER | |
| System control number | (OCoLC)16765772 |
| 040 ## - CATALOGING SOURCE | |
| Original cataloging agency | DLC |
| Transcribing agency | OrPS |
| Modifying agency | DLC |
| 042 ## - AUTHENTICATION CODE | |
| Authentication code | premarc |
| 050 00 - LIBRARY OF CONGRESS CALL NUMBER | |
| Classification number | PJ5053.B8 |
| Item number | L3 |
| 100 1# - MAIN ENTRY--PERSONAL NAME | |
| Personal name | Burla, Yehuda, |
| Dates associated with a name | 1886-1969. |
| 245 10 - TITLE STATEMENT | |
| Title | Lahate kiryah. |
| 260 ## - PUBLICATION, DISTRIBUTION, ETC. | |
| Date of publication, distribution, etc. | [1940] |
| 300 ## - PHYSICAL DESCRIPTION | |
| Extent | 45 p. |
| Dimensions | 17 cm. |
| 500 ## - GENERAL NOTE | |
| General note | Romanized. |
No items available.